Countries with the most Russians - Statistics

General Stats
  • This quiz has been taken 119 times
  • The average score is 12 of 15
Answer Stats
Russians Country % Correct
3,072,756 USA
99%
144 Mill Russia
98%
8,334,141 Ukraine
98%
3,500,000 Germany
93%
785,084 Belarus
90%
550,520 Canada
89%
3,793,764 Kazakhstan
87%
520,136 Latvia
84%
324,431 Estonia
83%
200,000 France
82%
1,199,015 Uzbekistan
81%
297,319 Turkmenistan
70%
369,488 Moldova
67%
419,600 Kyrgyzstan
65%
1,240,122 Israel
33%
No matching quizzes found
Score Distribution
Percent of People with Each Score
Percentile by Number Answered
Your Score History
You have not taken this quiz